Malik Aksel 1901-87 / (Record no. 15166)

MARC details
000 -BAŞLIK
Sabit Uzunlukta Kontrol Alanı 00640nam a22002057a 4500
999 ## - SİSTEM KONTROL NUMARALARI (KOHA)
Koha Biblionumber 15166
Koha Biblioitemnumber 15166
003 - KONTROL NUMARASI IDENTIFIER
Denetim Alanı MIRAKIL
005 - SON İŞLEM TARİHİ VE ZAMANI
Denetim Alanı 20230221162618.0
008 - SABİT-BOY VERİ ELEMANLARI - GENEL BİLGİLER
Sabit Uzunlukta Kontrol Alanı 230221b tu ||||| |||| 00| 0 tur d
020 ## - ULUSLARARASI STANDART KİTAP NUMARASI
Uluslararası Standart Kitap Numarası 9789757710066
040 ## - KATALOGLAMA KAYNAK
Orijinal Kataloglama Ajansı TR-AnCHP
Metne Dönüştürmek Ajansı TR-AnCHP
041 ## - DİL KODU
Metin / Ses Parça Veya Ayrı Başlığın Dil Kodu tur
082 ## - DEWEY ONLU SINIFLANDIRMA NUMARASI
Sınıflandırma Numarası 759.9561
Ürün Numarası M24 2011
245 10 - BAŞLIK TABLOSU
Başlık Malik Aksel 1901-87 /
Sorumluluk Tablosu, Vb yayına hazırlayan: Beşir Ayvazoğlu.
260 ## - YAYIN, DAĞITIM, VB
Yayın, Dağıtım, Vb Yeri İstanbul :
Yayıncı, Dağıtıcı, Vs Adı Murat Aksel;
Yayın, Dağıtım, Vb Tarihi 2011.
300 ## - FİZİKSEL TANIM
Kapsam 158 s. :
Diğer Fiziksel Ayrıntıları res. ;
Boyutlar 32 sm.
600 #0 - KONU KATMA GİRİŞ - KURUMSAL ADI
9 (RLIN) 7339
Kişisel Ad Aksel, Malik
Başlıklar Ve Bir Adla İlişkili Diğer Kelimeler Türk ressam ve yazar
Bir Adıyla İlişkilendirilen Tarihler 1901-1987
650 #0 - KONU KATMA GİRİŞ - TOPİKAL DÖNEM
9 (RLIN) 5
Topikal Süreli Veya Coğrafi Ad Giriş Elemanı Türkiye
Genel Alt Bölümü Resim sergileri
700 ## - KATMA GİRİŞ - KİŞİSEL İSİM
9 (RLIN) 5753
Kişisel Ad Ayvazoğlu, Beşir
Relator Terim yay. haz.
942 ## - EKLENDİ GİRİŞ ELEMANLARI (KOHA)
Sınıflandırma Veya Raf Düzeni Kaynak Dewey Decimal Classification
Koha Öğesi Türü Books
Holdings
Kalıcı Konum Mevcut Konum Edinme Tarihi Toplam Check-Out'Lar Tam Çağrı Numarası Barkod Tarih Son Görülme İtibaren Geçerli Fiyatlar Koha Öğesi Türü
CHP Kütüphanesi CHP Kütüphanesi 02/21/2023   759.9561 M24 2011 020739 02/21/2023 02/21/2023 Books